| 000 | 00857nam a22001817a 4500 | ||
|---|---|---|---|
| 999 |
_c15064 _d15064 |
||
| 003 | OSt | ||
| 082 | _2631.56 BIN/CO | ||
| 088 | _aP 82 | ||
| 100 |
_aBINUJA THOMAS _aJITHESH R _aVINODKUMAR B _93812 |
||
| 245 | _aComputer aided optimal design of RCC silos for bulk storage of grains | ||
| 260 |
_aTavanur 1998 _bdepartment of post harvest technology and agricultural processing |
||
| 300 | _a70 | ||
| 500 | _aComputer aided optimal design of RCC silos for bulk storage of grains | ||
| 520 | _ato study the variation in lateral and vertical pressures encountered due to the stored material . to find out the variation in volume of concrete, steel and area of form work for each element of the silo, with h/d ration.... | ||
| 700 |
_aDr. V Ganesan (Guide) _93423 |
||
| 856 | _uhttps://drive.google.com/open?id=1EAMTN_USCw2Admn21_UqGaTS9WAOQDk0 | ||
| 942 | _cPR | ||